B.C.A. mathematics / (Record no. 1177)

MARC details
000 -LEADER
Fixed length control field 00500nam a2200193 4500
003 - CONTROL NUMBER IDENTIFIER
Control field SEACOMMC
005 - DATE AND TIME OF LATEST TRANSACTION
Control field 20250513112849.0
008 - FIXED-LENGTH DATA ELEMENTS--GENERAL INFORMATION
Fixed length control field 250404b |||||||| |||| 00| 0 eng d
020 ## - INTERNATIONAL STANDARD BOOK NUMBER / ISBN
International Standard Book Number 978-93-80673-34-9
Price Rs.160.00
040 ## - CATALOGING SOURCE
Original cataloging agency SEACOMMC
082 ## - DEWEY DECIMAL CLASSIFICATION NUMBER
Classification number 510
Book Number P 153
100 ## - MAIN ENTRY--PERSONAL NAME
Personal name Pal, B. K
245 1# - TITLE STATEMENT
Title B.C.A. mathematics /
Statement of responsibility B. K. Pal [and] K. Das
250 ## - EDITION STATEMENT
Edition statement 2nd ed
260 ## - IMPRINT
Place of publication Kolkata
Name of publisher U.N. Dhur and Sons
Date of publication 2009
300 ## - PHYSICAL DESCRIPTION
Page / Vol. No volume - III
650 ## - SUBJECT ADDED ENTRY--TOPICAL TERM
Topical term Mathematics
942 ## - ADDED ENTRY ELEMENTS (KOHA)
Koha item type Books
Holdings
Withdrawn status Lost status Source of classification Damaged status Not for loan Home library Current library Shelving location Date acquired Total Checkouts Call number Accession number Date last seen Price effective from Koha item type Copy number Date checked out
    Dewey Decimal Classification     SEACOM MANAGEMENT COLLEGE SEACOM MANAGEMENT COLLEGE Reference 05/10/2010   510 P 153 M-2845 04/04/2025 04/04/2025 Reference Books    
    Dewey Decimal Classification     SEACOM MANAGEMENT COLLEGE SEACOM MANAGEMENT COLLEGE   05/10/2010   510 P 153 M-2846 04/04/2025 04/04/2025 Books 1  
    Dewey Decimal Classification     SEACOM MANAGEMENT COLLEGE SEACOM MANAGEMENT COLLEGE   05/10/2010   510 P 153 M-2847 04/04/2025 04/04/2025 Books 2  
    Dewey Decimal Classification     SEACOM MANAGEMENT COLLEGE SEACOM MANAGEMENT COLLEGE   05/10/2010   510 P 153 M-2848 04/04/2025 04/04/2025 Books 3  
    Dewey Decimal Classification     SEACOM MANAGEMENT COLLEGE SEACOM MANAGEMENT COLLEGE   05/10/2010   510 P 153 M-2849 04/04/2025 04/04/2025 Books 4  
    Dewey Decimal Classification     SEACOM MANAGEMENT COLLEGE SEACOM MANAGEMENT COLLEGE   05/10/2010   510 P 153 M-2850 04/04/2025 04/04/2025 Books 5  
    Dewey Decimal Classification     SEACOM MANAGEMENT COLLEGE SEACOM MANAGEMENT COLLEGE   05/10/2010   510 P 153 M-2851 04/04/2025 04/04/2025 Books 6  
    Dewey Decimal Classification     SEACOM MANAGEMENT COLLEGE SEACOM MANAGEMENT COLLEGE   05/10/2010   510 P 153 M-2852 04/04/2025 04/04/2025 Books 7  
    Dewey Decimal Classification     SEACOM MANAGEMENT COLLEGE SEACOM MANAGEMENT COLLEGE   05/10/2010   510 P 153 M-2853 04/04/2025 04/04/2025 Books 8  
    Dewey Decimal Classification     SEACOM MANAGEMENT COLLEGE SEACOM MANAGEMENT COLLEGE   05/10/2010   510 P 153 M-2854 04/04/2025 04/04/2025 Books 9  
    Dewey Decimal Classification     SEACOM MANAGEMENT COLLEGE SEACOM MANAGEMENT COLLEGE   05/10/2010   510 P 153 M-2855 04/04/2025 04/04/2025 Books 10  
    Dewey Decimal Classification     SEACOM MANAGEMENT COLLEGE SEACOM MANAGEMENT COLLEGE   05/10/2010   510 P 153 M-2856 04/04/2025 04/04/2025 Books 11  
    Dewey Decimal Classification     SEACOM MANAGEMENT COLLEGE SEACOM MANAGEMENT COLLEGE   05/10/2010   510 P 153 M-2857 04/04/2025 04/04/2025 Books 12  
    Dewey Decimal Classification     SEACOM MANAGEMENT COLLEGE SEACOM MANAGEMENT COLLEGE   05/10/2010 1 510 P 153 M-2858 17/04/2026 04/04/2025 Books 13 17/03/2026
    Dewey Decimal Classification     SEACOM MANAGEMENT COLLEGE SEACOM MANAGEMENT COLLEGE   05/10/2010   510 P 153 M-2859 04/04/2025 04/04/2025 Books 14  
© Seacom Engineering College, All rights reserved.    Powered by Koha